000
00207 a2200097 4500
001
16311
100
_a
S A E
245
_a
Introduction to structural Analysis
260
_a
_b
S A E
_c
090
_c
12484
_d
12484
942
_a
NUST-CAE
_c
M
_c
2763
999
_c
251384
_d
251384